| 000 | 01546nam a2200361 a 4500 | ||
|---|---|---|---|
| 001 | ebr10209202 | ||
| 003 | CaPaEBR | ||
| 006 | m u | ||
| 007 | cr cn||||||||| | ||
| 008 | 070525s2007 enka sb 001 0 eng | ||
| 010 | _z 2007021975 | ||
| 020 | _z9780754632641 (hbk. : alk. paper) | ||
| 020 | _z0754632644 (alk. paper) | ||
| 040 |
_aCaPaEBR _cCaPaEBR |
||
| 035 | _a(OCoLC)317744674 | ||
| 043 | _ae-uk--- | ||
| 050 | 1 | 4 |
_aKD3118 _b.B53 2007eb |
| 082 | 0 | 4 |
_a344.41012/3 _222 |
| 100 | 1 |
_aBlackburn, Sheila, _d1949- |
|
| 245 | 1 | 2 |
_aA fair day's wage for a fair day's work? _h[electronic resource] : _bsweated labour and the origins of minimum wage legislation in Britain / _cSheila Blackburn. |
| 260 |
_aAldershot, England ; _aBurlington, VT : _bAshgate, _cc2007. |
||
| 300 |
_axii, 232 p. : _bill. |
||
| 490 | 1 | _aStudies in labour history | |
| 504 | _aIncludes bibliographical references (p. [209]-220) and index. | ||
| 533 |
_aElectronic reproduction. _bPalo Alto, Calif. : _cebrary, _d2013. _nAvailable via World Wide Web. _nAccess may be limited to ebrary affiliated libraries. |
||
| 650 | 0 |
_aMinimum wage _xLaw and legislation _zGreat Britain _xHistory. |
|
| 650 | 0 |
_aSweatshops _zGreat Britain _xHistory. |
|
| 650 | 0 |
_aLabor policy _zGreat Britain _xHistory. |
|
| 655 | 7 |
_aElectronic books. _2local |
|
| 710 | 2 | _aebrary, Inc. | |
| 830 | 0 | _aStudies in labour history (Ashgate (Firm)) | |
| 856 | 4 | 0 |
_uhttp://site.ebrary.com/lib/rucke/Doc?id=10209202 _zAn electronic book accessible through the World Wide Web; click to view |
| 999 |
_c226671 _d226671 |
||